Normal view
MARC view
- Mitchell, James Kenneth
Entry Personal Name
001 - CONTROL NUMBER
- control field: 42526
003 - CONTROL NUMBER IDENTIFIER
- control field: NUST
005 - DATE AND TIME OF LATEST TRANSACTION
- control field: 20210314132334.0
008 - FIXED-LENGTH DATA ELEMENTS
- fixed length control field: 210314|| aca||aabn | a|a d
040 ## - CATALOGING SOURCE
- Original cataloging agency: NUST
- Transcribing agency: NUST
100 ## - HEADING--PERSONAL NAME
- Personal name: Mitchell, James Kenneth
670 ## - SOURCE DATA FOUND
- Source citation: Work cat.: (NUST): Mitchell, James Kenneth,, Fundamentals of soil behavior /, c1993.
